Du lịch mùa hè tại thành phố Đà Nẵng giai đoạn 2005 - 2010 thực trạng và giải pháp phát triển

Sparad:
Bibliografiska uppgifter
Övriga upphovsmän: Võ, Duy Nghĩa, Nguyễn, Thị Liên, Lê, Đoàn Anh Đào, Hồ, Quý Cường, Nguyễn, Mạnh Hồng (Hướng dẫn)
Materialtyp: Bok
Språk:Vietnamese
Publicerad: Đà Nẵng Trường Đại học Sư phạm 2012
Ämnen:
Taggar: Lägg till en tagg
Inga taggar, Lägg till första taggen!
Thư viện lưu trữ: Mạng thư viện Đại học Đà Nẵng
LEADER 01636nam a2200385 4500
001 000016872
003 13281
005 20130115100112.0
008 130104s2012 viesd
041 |a vie 
082 1 4 |a 915.9751  |b Dul 
245 1 0 |a Du lịch mùa hè tại thành phố Đà Nẵng giai đoạn 2005 - 2010 thực trạng và giải pháp phát triển  |c Võ Duy Nghĩa, Nguyễn Thị Liên, Lê Đoàn Anh Đào, Hồ Quý Cường ; Nguyễn Mạnh Hồng hướng dẫn  |k Báo cáo khoa học 
260 |a Đà Nẵng  |b Trường Đại học Sư phạm  |c 2012 
300 |a 62 tr., 3  |b mh. màu  |c 29 cm. 
500 |a Công trình tham gia hội nghị sinh viên nghiên cứu khoa học Trường Đại học Sư phạm năm 2012. Khoa Lịch sử. 
650 0 4 |a Du lịch  |v Báo cáo khoa học  |y 2005-2010  |z Đà Nẵng 
653 |a Lịch sử 
653 |a Nghiên cứu khoa học 
653 |a Du lịch 
700 1 |a Võ, Duy Nghĩa 
700 1 |a Nguyễn, Thị Liên 
700 1 |a Lê, Đoàn Anh Đào 
700 1 |a Hồ, Quý Cường 
700 1 |a Nguyễn, Mạnh Hồng  |e Hướng dẫn 
OWN |a LSP 
AVA |a UDN50  |b LSP  |d 915.9751 Dul  |e available  |t Error 5001 Not defined in file expand_doc_bib_avail.  |f 1  |g 0  |h N  |i 0  |k 1 
999 |a From the UDN01 
AVA |a UDN50  |b LSP  |d 915.9751 Dul  |e available  |t Error 5001 Not defined in file expand_doc_bib_avail.  |f 1  |g 0  |h N  |i 0  |k 1 
TYP |a Mixed Materials 
TYP |a Monograph 
TYP |a Printed language 
980 |a Mạng thư viện Đại học Đà Nẵng